000 00713cam a22002413a 4500
001 15400
003 PGUSA
005 20140828083329.0
008 050318s2005||||xxu|||||s|||||000 | eng d
040 _aPGUSA
_beng
042 _adc
050 4 _aDG
100 1 _aSymonds, John Addington,
_d1840-1893
245 1 0 _aRenaissance in Italy, Volume 1 :
_bThe Age of the Despots
_h[electronic resource] /
_cJohn Addington Symonds
260 _bProject Gutenberg,
_c2005
506 _aPublic domain in the USA.
516 _aElectronic text
653 _aRenaissance -- Italy
653 _aItaly -- History
830 0 _aProject Gutenberg
_v15400
856 4 0 _uhttp://www.gutenberg.org/ebooks/15400
942 _cEB
999 _c244655
_d244655